000 00561nam a2200217Ia 4500
003 OSt
005 20220928102106.0
006 a|||||r|||| 00| 0
007 ta
008 220927b |||||||| |||| 00| 0 eng d
024 _a60310
037 _cTextual
040 _aSDCL
_cSDCL
_beng
041 _2eng
_aeng
082 _aP152k, 14925N5
245 0 _aHINDI CHECK vartalap pustika.
260 _aNew Delhi
_bKendirya Hindi Nideshalya
_c1995
300 _a142p
_ccm.
942 _hP152k, 14925N5
_cTEXL
_2CC
999 _c712285
_d712285